Strategies and techniques of child study /

Bibliographic Details
Other Authors: Vasta, Ross
Format: Book
Language:English
Published: New York : Academic Press, 1982.
Subjects:

MARC

Tag First Indicator Second Indicator Subfields
LEADER 00000pam a2200000 a 4500
001 in00000078073
005 20151008055129.0
008 810923s1982 nyua b 00100 eng
010 |a  81015072  
020 |a 0127150803 
035 |a (OCoLC)07837430 
035 |9 AAJ2632AM 
039 0 |a 2  |b 3  |c 3  |d 3  |e 3 
040 |a DLC  |c DLC  |d TXA  |d UtOrBLW 
049 |a TXAM  |c [1361674] 
050 0 0 |a BF722  |b .S77 1982 
082 0 |a 155.4/01/8  |2 19 
245 0 0 |a Strategies and techniques of child study /  |c edited by Ross Vasta ; foreword by Paul H. Mussen. 
264 1 |a New York :  |b Academic Press,  |c 1982. 
300 |a xvi, 358 pages :  |b illustrations ;  |c 23 cm. 
336 |a text  |b txt  |2 rdacontent 
337 |a unmediated  |b n  |2 rdamedia 
338 |a volume  |b nc  |2 rdacarrier 
504 |a Includes bibliographies and indexes. 
650 0 |a Child psychology  |x Methodology. 
650 0 |a Child psychology  |x Research. 
700 1 |a Vasta, Ross. 
999 |a MARS 
999 f f |s 6b157ffb-59d0-325c-9a38-4eafca44e004  |i f17e84ac-5cb1-3d26-8035-301baf5017a4  |t 0 
952 f f |p ric  |a Texas A&M University  |b Rellis Campus  |c Joint Library Facility  |d Remote Storage  |t 0  |e BF722 .S77 1982  |h Library of Congress classification  |i unmediated -- volume  |m A14806088223 
998 f f |a BF722 .S77 1982  |t 0  |l Remote Storage